Tyrozináza a jej aplikácie v biotechnológii

Guardado en:
Detalles Bibliográficos
Autor principal: Páterová, Paulína (Autor)
Otros Autores: Kántorová, Kristína (Orientador)
Formato: Manuscrito Libro
Lenguaje:eslovaco
Publicado: 2025
Materias:
Acceso en línea:http://is.stuba.sk/zp/portal_zp.pl?podrobnosti=192019
Etiquetas: Agregar Etiqueta
Sin Etiquetas, Sea el primero en etiquetar este registro!

MARC

LEADER 00000ntm a22000003a 4500
001 stuzp105037
003 SK-STU
005 20250628212316.5
007 ta
008 150427s2015----xo-----f-mn---000-0-slo-d
040 |a STU  |b slo 
041 0 |a slo 
100 1 |a Páterová, Paulína  |u 044000  |4 aut  |U FCHPT Fakulta chemickej a potravinárskej technológie  |T FCHPT Ústav biotechnológie  |X 116121  |U C4000  |Y 102  |7 116121 
242 0 1 |a Tyrosinase and its Applications in Biotechnology  |y eng 
245 1 0 |a Tyrozináza a jej aplikácie v biotechnológii 
260 |c 2025 
650 4 |a Escherichia coli  |2 slo 
650 4 |a kultivácia  |2 slo 
650 4 |a tyrozináza  |2 slo 
650 4 |a Escherichia coli  |2 eng 
650 4 |a cultivation  |2 eng 
650 4 |a tyrosinase  |2 eng 
700 1 |a Kántorová, Kristína  |u 044000  |k Z8  |4 ths  |U FCHPT Fakulta chemickej a potravinárskej technológie  |T FCHPT Ústav biotechnológie  |X 50617  |U C4000  |Y 102  |7 A0000050617 
856 4 |u http://is.stuba.sk/zp/portal_zp.pl?podrobnosti=192019